000 01338nam a2200337 a 4500
001 ebr10170068
003 CaPaEBR
006 m u
007 cr cn|||||||||
008 010803s2002 ctuad sb 001 0 eng
020 _z0300085303 (cloth : alk. paper)
040 _aCaPaEBR
_cCaPaEBR
035 _a(OCoLC)191952617
043 _aa-ii---
050 1 4 _aDS422.C64
_bV37 2002eb
082 0 4 _a954/.0088/2971
_221
100 1 _aVarshney, Ashutosh,
_d1957-
245 1 0 _aEthnic conflict and civic life
_h[electronic resource] :
_bHindus and Muslims in India /
_cAshutosh Varshney.
260 _aNew Haven, CT :
_bYale University Press,
_cc2002.
300 _aix, 382 p. :
_bill., charts.
504 _aIncludes bibliographical references (p. 319-371) and index.
533 _aElectronic reproduction.
_bPalo Alto, Calif. :
_cebrary,
_d2013.
_nAvailable via World Wide Web.
_nAccess may be limited to ebrary affiliated libraries.
650 0 _aCommunalism
_zIndia.
650 0 _aEthnic conflict
_zIndia.
650 0 _aHindus
_zIndia.
650 0 _aMuslims
_zIndia.
651 0 _aIndia
_xPolitics and government
_y1947-
655 7 _aElectronic books.
_2local
710 2 _aebrary, Inc.
856 4 0 _uhttp://site.ebrary.com/lib/rucke/Doc?id=10170068
_zAn electronic book accessible through the World Wide Web; click to view
999 _c136138
_d136138